| 000 | 01072nam a22003737a 4500 | ||
|---|---|---|---|
| 001 | 0002499 | ||
| 003 | KOHA_MİRAKIL | ||
| 005 | 20260207001314.0 | ||
| 007 | ta | ||
| 008 | 090227b2005 tu |||gr||||#||||0|tur | | ||
| 020 | _a9755917322 | ||
| 040 |
_aTR-BiSEU _btur _cTR-BiSEU _erda |
||
| 041 | 0 | _atur | |
| 044 | _ctu | ||
| 050 |
_aQA76.73.C15 _bG86 2005 |
||
| 100 | 1 | _aGüney, İbrahim. | |
| 245 | 1 |
_aC programlama dili/ _cİbrahim Güney ; İbrahim Güney. |
|
| 264 | 1 |
_aAnkara : _bNobel Yayın Dağıtım _c2005 |
|
| 300 |
_a[VI], 215 sayfa ; _c24 cm. |
||
| 336 |
_ametin _btxt _2rdacontent |
||
| 337 |
_aaracısız _bn _2rdamedia |
||
| 338 |
_acilt _bnc _2rdacarrier |
||
| 490 | 1 |
_aNobel yayın ; _vno. |
|
| 490 | 1 | _a747. | |
| 490 | 1 |
_aTeknik yayınları dizi ; _vno. |
|
| 490 | 1 | _a56. | |
| 650 | 0 |
_aC (Bilgisayar program dili). _91776 |
|
| 650 | 0 |
_aC (Computer program language). _91567 |
|
| 830 | 1 |
_aNobel yayın ; _vno. _91510 |
|
| 830 | 1 |
_a747. _97009 |
|
| 830 | 1 |
_aTeknik yayınları dizi ; _vno. _92563 |
|
| 830 | 1 |
_a56. _97010 |
|
| 942 |
_2lcc _cBK |
||
| 999 |
_c2486 _d2486 |
||